The last empress / (Record no. 233725)

000 -LEADER
fixed length control field 01686cam a2200385 a 4500
001 - CONTROL NUMBER
control field 14550103
003 - CONTROL NUMBER IDENTIFIER
control field Nust
005 - DATE AND TIME OF LATEST TRANSACTION
control field 20170310145835.0
008 - FIXED-LENGTH DATA ELEMENTS--GENERAL INFORMATION
fixed length control field 060913s2007 mau 000 1 eng
010 ## - LIBRARY OF CONGRESS CONTROL NUMBER
LC control number 2006030466
020 ## - INTERNATIONAL STANDARD BOOK NUMBER
International Standard Book Number 0618531467
020 ## - INTERNATIONAL STANDARD BOOK NUMBER
International Standard Book Number 9780747593850
035 ## - SYSTEM CONTROL NUMBER
System control number (OCoLC)ocm71348717
035 ## - SYSTEM CONTROL NUMBER
System control number (OCoLC)71348717
040 ## - CATALOGING SOURCE
Original cataloging agency DLC
Transcribing agency DLC
Modifying agency BAKER
-- YDXCP
-- JQQ
-- C#P
-- BTCTA
-- VP@
-- DLC
043 ## - GEOGRAPHIC AREA CODE
Geographic area code a-cc---
050 00 - LIBRARY OF CONGRESS CALL NUMBER
Classification number PS3563.I4614
Item number L37 2007
082 00 - DEWEY DECIMAL CLASSIFICATION NUMBER
Classification number 813.54
Author Mark MIN
100 1# - MAIN ENTRY--PERSONAL NAME
Personal name Min, Anchee,
Dates associated with a name 1957-
245 14 - TITLE STATEMENT
Title The last empress /
Statement of responsibility, etc. Anchee Min.
260 ## - PUBLICATION, DISTRIBUTION, ETC.
Place of publication, distribution, etc. Boston :
Name of publisher, distributor, etc. Houghton Mifflin,
Date of publication, distribution, etc. 2007.
300 ## - PHYSICAL DESCRIPTION
Extent x, 415 p. ;
Dimensions 24 cm.
600 00 - SUBJECT ADDED ENTRY--PERSONAL NAME
Personal name Cixi,
Titles and other words associated with a name Empress dowager of China,
Dates associated with a name 1835-1908
Form subdivision Fiction.
650 #0 - SUBJECT ADDED ENTRY--TOPICAL TERM
Topical term or geographic name entry element Empresses
Geographic subdivision China
Form subdivision Fiction.
651 #0 - SUBJECT ADDED ENTRY--GEOGRAPHIC NAME
Geographic name China
General subdivision History
Chronological subdivision Tongzhi, 1861-1875
Form subdivision Fiction.
651 #0 - SUBJECT ADDED ENTRY--GEOGRAPHIC NAME
Geographic name China
General subdivision History
Chronological subdivision Guangxu, 1875-1908
Form subdivision Fiction.
651 #0 - SUBJECT ADDED ENTRY--GEOGRAPHIC NAME
Geographic name China
General subdivision History
Chronological subdivision 19th century
Form subdivision Fiction.
655 #7 - INDEX TERM--GENRE/FORM
Genre/form data or focus term Biographical fiction.
Source of term gsafd
655 #7 - INDEX TERM--GENRE/FORM
Genre/form data or focus term Historical fiction.
Source of term gsafd
856 42 - ELECTRONIC LOCATION AND ACCESS
Materials specified Publisher description
Uniform Resource Identifier <a href="http://www.loc.gov/catdir/enhancements/fy0702/2006030466-d.html">http://www.loc.gov/catdir/enhancements/fy0702/2006030466-d.html</a>
856 41 - ELECTRONIC LOCATION AND ACCESS
Materials specified Sample text
Uniform Resource Identifier <a href="http://www.loc.gov/catdir/enhancements/fy0728/2006030466-s.html">http://www.loc.gov/catdir/enhancements/fy0728/2006030466-s.html</a>
856 42 - ELECTRONIC LOCATION AND ACCESS
Materials specified Contributor biographical information
Uniform Resource Identifier <a href="http://www.loc.gov/catdir/enhancements/fy0737/2006030466-b.html">http://www.loc.gov/catdir/enhancements/fy0737/2006030466-b.html</a>
906 ## - LOCAL DATA ELEMENT F, LDF (RLIN)
a 7
b cbc
c orignew
d 1
e ecip
f 20
g y-gencatlg
942 ## - ADDED ENTRY ELEMENTS (KOHA)
Source of classification or shelving scheme
Koha item type Book
Holdings
Withdrawn status Lost status Source of classification or shelving scheme Damaged status Not for loan Collection code Permanent Location Current Location Shelving location Date acquired Total Checkouts Full call number Barcode Date last seen Copy number Price effective from Koha item type Date last checked out
            Central Library (CL) Central Library (CL) Fiction 03/10/2017   813.54 MIN CL330 06/30/2022 1 03/10/2017 Book  
            Central Library (CL) Central Library (CL) Fiction 04/23/2019 4 813.54 MIN CL1503 01/29/2025 2 04/23/2019 Book 04/24/2019
© 2023 Central Library, National University of Sciences and Technology. All Rights Reserved.